000
00288nam a2200121Ia 4500
008
190216s9999||||xx |||||||||||||| ||und||
100
_a
Goel R P
245
0
_a
Objective Type And Short Answers
260
_b
Young Man & Co
_c
1985
300
_a
372p
650
_a
Mathematics
942
_c
REF
999
_c
35595
_d
35595